00671nai a2200169Ia 4500003000900000008004100009022002200050022002300072040001600095245005800111260008600169310001300255362002800268521006900296650004600365856009000411IN-BaIIA211028c9999 xx s 000 0 eng d a0096-1779 (Print) a2331-1649 (Online) cIIA Library 0aIRE Transactions on Production Techniquesh[eJournal] aNew York, USAbThe Institute of Electrical and Electronics Engineers, Inc. (IEEE) aAnnually a1(1); 1956 - 6(1); 1959 bSubscribed through National Knowledge Resource Consortium (NKRC) aComponents, Circuits, Devices and Systems uhttps://ieeexplore.ieee.org/servlet/opac?punumber=8220yClick Here to Access eJournal